000 01233cam a22003254a 4500
001 13339959
003 OSt
005 20180117085941.0
008 030911s2004 caua b 001 0 eng
010 _a 2003019259
020 _a0803954018 (hbk. : alk. paper)
020 _a0803954026 (pbk. : alk. paper)
040 _aDLC
_cDLC
_dDLC
042 _apcc
050 0 0 _aRC451.4.A5
_bK59 2004
082 0 0 _a618.97/68914
_222
100 1 _aKnight, Bob.
245 1 0 _aPsychotherapy with older adults /
_cBob G. Knight.
250 _a3rd ed.
260 _aThousand Oaks, CA :
_bSage,
_cc2004.
300 _axiv, 289 p. :
_bill. ;
_c24 cm.
504 _aIncludes bibliographical references (p. 259-276) and index.
650 0 _aPsychotherapy for older people.
650 0 _aOlder people
_xMental health.
856 4 1 _3Table of contents
_uhttp://www.loc.gov/catdir/toc/ecip048/2003019259.html
906 _a7
_bcbc
_corignew
_d1
_eecip
_f20
_gy-gencatlg
942 _2ddc
_cBK
999 _c2444
_d2444